000 00227nam a2200097Ia 4500
001 646952
005 20250826153653.0
008 250824s9999 xx 000 0 und d
245 0 _aPARMAK UÇLARI
_cSERAN DEMİRAL
260 _bTUDEM
999 _c646952
_d646952